Statistiques concernant Les agglomérations françaises de plus de 50 000 habitants

Cliquez ici pour prendre le quiz!

Statistiques générales

  • Ce quiz a été pris 276 fois
  • Le résultat moyen est 90 sur 134

Statistiques - réponses

AgglomérationDépartement(s)PopulationNombre de communes% Correct
Lille59 / *1 047 07560
100%
Paris75 / 77 / 78 / 91 / 92 / 93 / 94 / 9510 816 803411
100%
Lyon69 / 01 / 381 669 730124
99%
Marseille - Aix-en-Provence13 / 831 607 29250
99%
Strasbourg67 / *473 63823
99%
Bordeaux33969 89773
98%
Nantes44655 18722
97%
Nice06944 32151
97%
Rennes35359 93416
97%
Toulouse31 / 821 019 46081
97%
Toulon83 / 13580 28127
96%
Brest29202 0607
95%
Grenoble38451 09638
95%
Montpellier34449 18722
95%
Rouen76 / 27470 36950
94%
Dijon21245 89515
93%
Reims51215 7299
92%
Saint-Étienne42 / 43374 06832
92%
Nancy54286 56528
91%
Angers49242 61312
90%
Caen14205 70824
90%
Clermont-Ferrand63272 55117
90%
Le Havre76234 94518
90%
La Roche-sur-Yon8554 7661
89%
Metz57285 93042
89%
Orléans45282 90419
89%
Tours37359 99238
88%
Avignon84 / 13 / 30456 65159
87%
Nîmes30184 3879
87%
Dunkerque59165 1238
86%
Le Mans72219 74220
86%
Saint-Denis974183 7692
86%
Amiens80164 31911
85%
Douai - Lens59 / 62504 28167
85%
Pau64200 40155
85%
Perpignan66201 29115
85%
Valence26 / 07132 55610
85%
Calais6297 7896
84%
La Rochelle17133 59711
84%
Annecy74177 62214
83%
Limoges87186 79910
83%
Lorient56121 8436
83%
Mulhouse68247 06520
83%
Ajaccio2A82 4415
82%
Bayonne64 / 40 / *254 51930
82%
Poitiers86132 1548
81%
Troyes10136 98818
81%
Bastia2B71 2217
80%
Besançon25138 69113
80%
Quimper2975 6363
80%
Colmar6894 9607
79%
Vannes5680 1704
79%
Saint-Nazaire44186 76017
77%
Bourg-en-Bresse0161 0975
76%
Chambéry73191 92435
76%
Valenciennes59 / *335 26256
76%
Béziers3492 8645
75%
Fort-de-France972118 5794
74%
Belfort90 / 7079 36416
73%
Arras6287 74515
72%
Beauvais6060 8694
71%
Cherbourg-en-Cotentin5081 9633
71%
Niort7973 2234
71%
Chalon-sur-Saône7179 40513
70%
Châteauroux3660 4864
69%
Bourges1885 6376
68%
Cayenne973122 7373
68%
Montauban8279 5279
68%
Angoulême16109 39518
67%
Arles13 / 3053 8742
67%
Chartres2888 7919
67%
Saint-Brieuc2295 5159
67%
Saint-Pierre - Le Tampon974171 2603
67%
Blois4167 0367
66%
Laval5363 0493
66%
Narbonne1155 3751
66%
Pointe-à-Pitre - Les Abymes971250 95211
65%
Tarbes6578 59415
65%
Albi8173 0889
63%
Saint-Paul974169 6563
63%
Boulogne-sur-Mer6284 6768
62%
Menton - Monaco06 / *70 4119
62%
Évreux2757 9974
61%
Mamoudzou976103 5932
61%
Sète3491 2767
61%
Agen4780 66816
60%
Charleville-Mézières0857 8188
60%
Épinal8861 91212
60%
Genève (SUI) - Annemasse74 / 01 / *188 23535
60%
Saint-Quentin0263 1306
60%
Brive-la-Gaillarde19 / 2475 77012
59%
Dax4050 57313
59%
Mâcon71 / 01 / 6960 50316
58%
Périgueux2465 3417
58%
Alès3096 55022
57%
Nevers5859 2548
57%
Fréjus8397 4833
56%
Roanne4279 73415
56%
Thionville57134 10412
56%
Compiègne6071 21014
54%
Meaux7780 6447
54%
Montbéliard25 / 90113 05725
54%
Cholet4954 1861
53%
Vienne38 / 69 / 4295 57425
53%
Châlons-en-Champagne5156 7915
52%
Montélimar26 / 0757 3727
52%
Vichy0364 99013
52%
Creil60124 68923
51%
Thonon-les-Bains7477 92313
50%
Béthune62 / 59355 99494
48%
Castres8156 9838
48%
La Teste-de-Buch - Arcachon3367 5634
48%
Montluçon0353 2526
48%
Maubeuge59 / *110 93122
47%
Sarrebruck (ALL) - Forbach57 / *82 24515
44%
Basse-Terre - Saint-Claude97150 8767
43%
Draguignan8368 4136
43%
Bergerac24 / 3364 14522
42%
Haguenau6759 6006
39%
Montargis4556 6758
38%
Saint-Omer62 / 5974 26523
35%
Salon-de-Provence1361 7604
30%
Bourgoin-Jallieu3859 4169
28%
Romans-sur-Isère2657 0786
28%
Saint-Louis97453 5891
28%
Lunel34 / 3051 9569
27%
Cluses7490 62018
26%
Saint-André97456 7471
26%
Armentières59 / *79 09410
25%
Saint-Cyprien - Argelès-sur-Mer6661 58014
22%
Le Robert972130 84511
20%
Voiron3862 05315
19%
Saint-Just-Saint-Rambert4262 30612
10%
Bailly-Romainvilliers - Magny-le-Hongre7752 25614
3%

Distribution des résultats

Percentile par nombre de réponses

% des personnes avec chaque résultat

Votre développement - résultats

Vous n’avez pas pris ce quiz